000
00224nam a22001097a 4500
100
_a
Paragon
245
_a
Encyclopedia of indian History
250
_a
2015
260
_b
Brown Bear Books
300
_a
256
942
_2
ddc
_c
EB
999
_c
12865
_d
12865